Number Grid III Quiz Stats

 Plays Quiz Updated Dec 20, 2017

Score 0/75 Timer 08:00
2 Plays Today
% Correct
6
96.4%
7
96.4%
2
95.2%
4
94.1%
16
92.1%
11
92%
13
89.6%
21
88.3%
25
88.3%
24
88.2%
28
88%
27
87.8%
43
87.7%
39
87.6%
41
87.6%
32
87.4%
36
87.5%
37
87.3%
31
87.2%
38
87.1%
35
87.1%
23
86.9%
42
86.8%
64
86.1%
62
86%
63
86%
60
85.8%
84
85.7%
99
85.6%
58
85.6%
78
85.5%
54
85.5%
71
85.5%
77
85.5%
98
85.3%
93
85.2%
96
85.2%
80
85.2%
% Correct
74
85.2%
59
85.2%
83
85.2%
79
85.2%
45
85.2%
76
85.1%
94
85.1%
34
85%
57
85%
92
84.9%
82
84.9%
95
84.8%
48
84.8%
81
84.8%
70
84.8%
91
84.7%
68
84.7%
97
84.5%
88
84.5%
14
83.8%
67
83.3%
90
83.3%
50
83.1%
56
83%
89
82.7%
86
82.7%
69
82.5%
87
82.5%
73
81.9%
20
77.5%
9
76%
46
75.5%
30
75.4%
53
73.4%
66
73.1%
51
49.9%
18
42.9%

You're not logged in!

Compare scores with friends on all Sporcle quizzes.
OR
Log In

You Might Also Like...

Show Comments

Extras

Top Quizzes Today


Score Distribution

Your Account Isn't Verified!

In order to create a playlist on Sporcle, you need to verify the email address you used during registration. Go to your Sporcle Settings to finish the process.

Report this User

Report this user for behavior that violates our Community Guidelines.

Details: